00462nam a22001217a 4500003000400000005001700004008004100021040002700062100009300089245009900182260005200281300000700333OSt20240409163205.0240409b |||||||| |||| 00| 0 eng d cCentral Library MRSPTU aDr. Harchand Singh Sarhindi (ਡਾ. ਹਰਚੰਦ ਸਿੰਘ ਸਰਹਿੰਦੀ) aSada Sarir Ate Ehdi Sambhal (ਸਾਡਾ ਸਰੀਰ ਅਤੇ ਇਹਦੀ ਸੰਭਾਲ) aSirhind (Punjab)bGian Vigyan Pustak Malac1991 a80